Nuevo diccionario ejemplificado de chilenismos
Salvato in:
| Autori principali: | , |
|---|---|
| Natura: | Libro |
| Lingua: | spagnolo |
| Pubblicazione: |
Valparaíso
Puntángeles
2010
Valparaíso Universidad Placha Ancha 2010 |
| Edizione: | 1a. ed |
| Soggetti: | |
| Tags: |
Aggiungi Tag
Nessun Tag, puoi essere il primo ad aggiungerne!!
|
MARC
| LEADER | 00000cam a2200000 a 4500 | ||
|---|---|---|---|
| 001 | UCE4272 | ||
| 003 | CL-VaPUC | ||
| 008 | 141016e20100000cl |||||||||||||||||spa|d | ||
| 082 | 0 | 4 | |a 460.983 |b MOR |2 21 |
| 100 | |a Morales Pettorino, Félix |e autor |9 767570 | ||
| 700 | 0 | |a Quiroz Mejías, Oscar |e author |9 493737 | |
| 245 | 1 | 0 | |a Nuevo diccionario ejemplificado de chilenismos |
| 250 | |a 1a. ed | ||
| 300 | |a t | ||
| 942 | |c BK | ||
| 945 | |d 20141016 12:02:00 |a arojas | ||
| 260 | |a Valparaíso |b Puntángeles |c 2010 | ||
| 260 | |a Valparaíso |b Universidad Placha Ancha |c 2010 | ||
| 500 | |a t.1: A - M | ||
| 500 | |a t.2: X - Z | ||
| 650 | 0 | |a Chilenismos |9 306533 | |
| 650 | 0 | |a Diccionarios |9 256200 | |
| 650 | 0 | |a Costumbres y tradiciones |9 268292 | |
| 650 | 0 | |a Sociolingüística |9 263716 | |
| 583 | |a last modification |c 20141016 12:02:00 |k Rodrigo Vera | ||
| 999 | |c 357296 |d 357294 | ||
| 952 | |0 0 |1 0 |3 erd |4 0 |6 460_983000000000000_MOR_2010_2010 |7 0 |8 X |9 465178 |a BIBEDU |b BIBEDU |h t.1 |i 5116163 |l 10 |o 460.983 MOR 2010 2010 |p 5116163 |r 2023-06-14 |s 2023-06-14 |w 2019-11-23 |y BK_X |z Catalogado en:20141016 |k LIT | ||
| 952 | |0 0 |1 0 |3 erd |4 0 |6 460_983000000000000_MOR_2010_2010 |7 0 |8 X |9 465179 |a BIBEDU |b BIBEDU |h t.2 |i 5116171 |l 9 |o 460.983 MOR 2010 2010 |p 5116171 |r 2023-06-14 |s 2023-06-14 |w 2019-11-23 |y BK_X |z Catalogado en:20141016 |k LIT | ||